Statystyki dla Wszystkie porty lotnicze w Polsce

Kliknij tutaj aby rozwiązać quiz!

Ogólne statystyki

  • Ten quiz został rozwiązany 7 541 razy
    (3 694 od ostatniego zresetowania)
  • Średni wynik to 13 z 15

Odpowiedzi na mapie

Odpowiedzi skodowane kolorowo w zielono-czerwonej skali na mapie do tego quizu, zgodnie z poniższymi procentami.
 

Statystyki odpowiedzi

Nazwa lotniska% Poprawnych
Port lotniczy Gdańsk-Rębiechowo im. Lecha Wałęsy
96%
Port lotniczy Kraków-Balice im. Jana Pawła II
95%
Port lotniczy Poznań-Ławica im. Henryka Wieniawskiego
94%
Port lotniczy Szczecin-Goleniów im. NSZZ „Solidarność”
93%
Międzynarodowy Port Lotniczy Katowice w Pyrzowicach
(Katowice Airport)
92%
Port lotniczy Wrocław-Strachowice im. Mikołaja Kopernika
92%
Port lotniczy Łódź im. Władysława Reymonta
91%
Port lotniczy Lublin
91%
Port Lotniczy im. Ignacego Jana Paderewskiego Bydgoszcz
89%
Port lotniczy Rzeszów-Jasionka
89%
Lotnisko Chopina w Warszawie
86%
Port Lotniczy Warszawa-Radom im. Bohaterów Radomskiego Czerwca 1976 roku
85%
Port lotniczy Olsztyn-Mazury
84%
Port lotniczy Zielona Góra-Babimost
81%
Port lotniczy Warszawa-Modlin
72%

Rozkład punktacji

Percentyl według liczby udzielonych odpowiedzi

Procent ludzi z każdym wynikiem

Twoja historia wyników

Nie rozwiązałeś tego quizu od ostatniego zresetowania